-
Cooper, Donald R & Schindler, Pamela S.
Entry Personal Name
Number of records used in: 2
001 - CONTROL NUMBER
003 - CONTROL NUMBER IDENTIFIER
005 - DATE AND TIME OF LATEST TRANSACTION
- control field:
20180703114720.0
008 - FIXED-LENGTH DATA ELEMENTS
- fixed length control field:
180703|| aca||aabn | a|a d
040 ## - CATALOGING SOURCE
- Original cataloging agency:
OSt
- Transcribing agency:
OSt
100 ## - HEADING--PERSONAL NAME
- Personal name:
Cooper, Donald R & Schindler, Pamela S.
670 ## - SOURCE DATA FOUND
- Source citation:
Work cat.: (OSt)2787: Cooper, Donald R & Schindler, Pamela S., Business Research Methods, 1999